| 000 | 01169nam a2200349 a 4500 | ||
|---|---|---|---|
| 001 | vtls000940462 | ||
| 003 | NLI | ||
| 005 | 20210627091235.0 | ||
| 008 | 111102 2003 ii c e 001 0 eng d | ||
| 020 | _cRs.120.00 | ||
| 039 | 9 |
_a201111211830 _bezajulh _y201111021625 _zezajulh |
|
| 040 |
_aNLI _beng |
||
| 044 | _aii | ||
| 082 | 0 | 4 |
_a323.154 _222 |
| 100 | 1 |
_aAhmad, S. Hasan, _d1934-1999 _9884981 |
|
| 245 | 1 | 4 |
_aThe idea of Pakistan and Iqbal : _ba disclaimer / _cby S. Hasan Ahmad |
| 250 | _a2nd ed. | ||
| 260 |
_aPatna : _bKhuda Bakhsh Oriental Public Library, _c2003 |
||
| 300 |
_avii, 106 p. : _bport. ; _c23 cm. |
||
| 504 | _aIncludes index | ||
| 600 | 1 | 0 |
_aIqbal, Mohammad, _cSir, _d1877-1938 _9884982 |
| 650 | 0 |
_aIslam and politics _zIndia _9770954 |
|
| 651 | 0 |
_aIndia _xPolitics and government _y1765-1947 _9687942 |
|
| 887 | _aE. Haque | ||
| 901 |
_aDB124577 : _b09.06.11 |
||
| 902 | _aE 323.154 Ah 51 | ||
| 904 | _aE. Haque | ||
| 949 |
_AVIRTUAITEM _D10000 _X100 _6DBA000124577ENG |
||
| 942 |
_2ddc _cBKS |
||
| 999 |
_aVIRTUA _c763565 _d763565 |
||
| 999 | _aVTLSSORT0080*0200*0400*0440*0820*1000*2450*2500*2600*3000*5040*6000*6500*6510*8520*9010*9020*9040*9992 | ||